000 00522nam a22001697a 4500
008 151102b xxu||||| |||| 00| 0 eng d
020 _a9781269366892
050 _aQA 76.5 .G46 2014
100 _aGeoghan, Debra.
_d 2014
245 _aComplete visualizing technology
_cDebra, Geoghan.
250 _a2nd ed.
260 _aUSA:
_bPearson,
_cc2014.
300 _axxxii, 565p. :ill.
_bIncludes index.
650 _aMicro-computers.
650 _aComputer science.
942 _2lcc
_cBOOKS
_hQA 76.5 .G46 2014
999 _c9819
_d9819